| 000 | 00791nam a2200277 a 4500 | ||
|---|---|---|---|
| 003 | AR-BaBNM | ||
| 005 | 20251128203218.0 | ||
| 008 | 082120s2002 ||||||||||||||000 | spa|| | ||
| 040 | _cAR-BaBNM | ||
| 245 | 0 | 0 | _aHacia una crítica literaria latinoamericana |
| 260 |
_aBuenos Aires _bFernando García Cambeiro _c1976 |
||
| 300 | _a234 p. | ||
| 490 | 0 | _aEstudios latinoamericanos | |
| 500 | _aContiene referencias bibliográficas en p. 227 | ||
| 650 | 4 | _aLITERATURA LATINOAMERICANA | |
| 650 | 4 | _aCRITICA LITERARIA | |
| 653 | _aNATIVISMO | ||
| 653 | _aINDIGENISMO | ||
| 653 | _aREALISMO MAGICO | ||
| 653 | _aVANGUARDIAS LITERARIAS | ||
| 655 | _aLITERATURA | ||
| 700 | 1 |
_aMaturo, Graciela _ecompilador |
|
| 800 | 1 |
_aMaturo, Graciela _edirector |
|
| 942 | _cBK | ||
| 998 | _cMARTIN | ||
| 999 |
_c2410 _d2410 |
||